[Menové kurzy v krajinách Strednej Európy]

Recenzia na publikáciu, ktorá je tematicky rozdelená do šiestich kapitol. Je zameraná na vybrané aspekty formovania systému menového kurzu v krajinách Vyšehradskej štvorky v rokoch 1990 až 2010; úrokovým mieram a inflácii, faktorom volatility menových kurzov a vplyvu menových kurzov na ekonomický v...

ver descrição completa

Na minha lista:
Detalhes bibliográficos
Autor principal: Demjanová, Lucia, 1981-
Formato: Capítulo de Livro
Idioma:eslovaco
Assuntos:
Tags: Adicionar Tag
Sem tags, seja o primeiro a adicionar uma tag!

MARC

LEADER 00000naa a2200000 4500
001 0160164
005 20240502072759.6
041 0 |a slo 
044 |a SK 
245 1 0 |a [Menové kurzy v krajinách Strednej Európy]  |c Lucia Demjanová 
520 |a Recenzia na publikáciu, ktorá je tematicky rozdelená do šiestich kapitol. Je zameraná na vybrané aspekty formovania systému menového kurzu v krajinách Vyšehradskej štvorky v rokoch 1990 až 2010; úrokovým mieram a inflácii, faktorom volatility menových kurzov a vplyvu menových kurzov na ekonomický vývoj. 
610 2 0 |a recenzie 
610 2 0 |a stredná Európa 
610 2 0 |a východná Európa 
610 2 0 |a kurz menový 
100 1 |a Demjanová, Lucia, 1981-